Анатомия мудрости. 120 философов: Жизнь, судьба, учение: В 2 т.

Dettagli Bibliografici
Autore principale: Таранов П. С. Павел Сергеевич
Lingua:russo
Pubblicazione: Симферополь, Таврия, 1997-
Natura: MixedMaterials Libro
KOHA link:https://koha.lib.tpu.ru/cgi-bin/koha/opac-detail.pl?biblionumber=62554

MARC

LEADER 00000nam1a2200000 4500
001 62554
005 20231031063622.0
035 |a (RuTPU)RU\TPU\book\66359 
090 |a 62554 
100 |a 20040414d1997 km y0rusy50 ca 
101 0 |a rus 
102 |a RU 
200 1 |a Анатомия мудрости. 120 философов: Жизнь, судьба, учение  |e В 2 т.  |f П. С. Таранов 
210 |a Симферополь  |c Таврия  |d 1997- 
700 1 |a Таранов  |b П. С.  |g Павел Сергеевич 
801 0 |a RU  |b 63413507  |c 20011209  |g PSBO 
801 1 |a RU  |b 63413507  |c 20040414  |g PSBO 
801 2 |a RU  |b 63413507  |c 20060522  |g PSBO 
942 |c BK